Reforma verejnej správy v Nemecku

Politické úrovne v Spolkovej republike Nemecka. Usporiadanie komunálnej úrovne v Nemecku. Reforma v rokoch 1965-1975. Súčasná komunálna štruktúra v Porýní-Falcku.

Guardado en:
Detalles Bibliográficos
Autor principal: Banner, Gerhard
Formato: Capítulo de libro
Lenguaje:eslovaco
Materias:
Etiquetas: Agregar Etiqueta
Sin Etiquetas, Sea el primero en etiquetar este registro!

MARC

LEADER 00000naa a2200000 4500
001 r037345
005 20230927090850.4
041 0 |a slo 
044 |a SK 
245 1 0 |a Reforma verejnej správy v Nemecku  |c Gerhard Banner 
520 |a Politické úrovne v Spolkovej republike Nemecka. Usporiadanie komunálnej úrovne v Nemecku. Reforma v rokoch 1965-1975. Súčasná komunálna štruktúra v Porýní-Falcku. 
610 2 0 |a správa verejná 
610 2 0 |a história 
610 2 0 |a Nemecko 
610 2 0 |a ústava 
610 2 0 |a reformy štruktúrne 
610 2 0 |a členenie územné administratívne 
100 1 |a Banner, Gerhard